Real Writing : Functional Writing Skills for Intermediate Students = Học viết tiếng Anh qua các tình huống thực tế : Trình độ trung cấp

Hướng dẫn cho học sinh nhiều kỹ năng viết thư, mô tả, kể chuyện... bao gồm 20 bài với từng chủ đề cụ thể.

Shranjeno v:
Bibliografske podrobnosti
Format: Knjiga
Jezik:Undetermined
Izdano: Thành phố Hồ Chí Minh Nhà xuất bản Thành phố Hồ Chí Minh 1998
Teme:
Oznake: Označite
Brez oznak, prvi označite!
Thư viện lưu trữ: Trung tâm Học liệu Trường Đại học Cần Thơ
LEADER 00981nam a2200205Ia 4500
001 CTU_170191
008 210402s9999 xx 000 0 und d
082 |a 428.24 
082 |b R288 
245 0 |a Real Writing : Functional Writing Skills for Intermediate Students = 
245 0 |b Học viết tiếng Anh qua các tình huống thực tế : Trình độ trung cấp 
245 0 |c David Mendelson...[et al.] ; Nguyễn Thành Yến (dịch và chú giải) 
260 |a Thành phố Hồ Chí Minh 
260 |b Nhà xuất bản Thành phố Hồ Chí Minh 
260 |c 1998 
520 |a Hướng dẫn cho học sinh nhiều kỹ năng viết thư, mô tả, kể chuyện... bao gồm 20 bài với từng chủ đề cụ thể. 
650 |a Writing,English language 
650 |x Study and teaching,Dạy và học 
904 |i Hải Ý 
980 |a Trung tâm Học liệu Trường Đại học Cần Thơ